000 00317nam a2200133Ia 4500
005 20251222144855.0
008 251222s9999||||xx |||||||||||||| ||spa||
020 _a0-03-007554-8
082 _a338.5/N54
100 _aNicholson, Walter
245 0 _aTeoría Microeconómica:
264 _bMcGraw-Hill
942 _cLIB
999 _c21765
_d21765